1312 1201 1832 1538 1062 1394 1883 1920 1984 1301 1523 1831 1504 1969 1412 1715 1122 1016 1879 1234 1470 1598 1032 1711 1933 1406 1390 1648 1372 1386 1212 1508 1017 1288 1079 1838 1150 1904 1953 1199 1626 1339 1843 1909 1604 1999 1396 1150 1031 1310 1961 1661 1583 1294 1179 1419 1098 1820 1746 1155 1023 1166 1660 1835 1755 1803 1292 1827 1028 1410 1614 1012 1588 1653 1561 1683 1961 1005 1165 1312 1985 1635 1580 1152 1583 1817 1392 1909 1661 1313 1368 1807 1846 1951 1651 1931 1378 1913 1027 BCNSPRNW ULIB Ver.6.0+V

เปลี่ยนเป็นภาษาไทย

Change to English
 แสดงรายละเอียดบรรณานุกรม
  กลับหน้าหลัก

Brief Record : Get Marc (ISO 2709) : E-mail record : QR code < ปิดหน้าต่าง
LEADER : 00000nam 2200000uu 4500
001    13399112206
003     ULIB
008    110801s2554||||th 000 0 tha d
020    9786160603510
090    นว.^bอ525ป 2554
100 0  อัญชรีย์
245 00 ปรายใจ/^cอัญชรีย์
250    พิมพ์ครั้งที่ 4
260    กรุงเทพฯ:^bแจ่มใส, 2554
300    416 หน้า
945    ^p249^l0^i18461
995    เกษร
999 ^a ใช้งานได้ทุกระบบ
รายการนี้ยังไม่มีแท็ก
คุณยังไม่ได้ล็อกอิน คุณสามารถมีกิจกรรมร่วมกับเว็บไซต์ได้ แต่ต้องล็อกอินก่อน ::
  ล็อกอิน

รายการสื่อสารสนเทศ

ลำดับที่ ประเภท เลขเรียก/บาร์โค้ด สถานที่ สถานะ
1. วิทยาศาสตร์การแพทย์ และสุขภาพ
วิทยาศาสตร์การแพทย์ และสุขภาพ
นว. อ525ป 2554  
  Barcode: 18461
ห้องสมุดวิทยาเขตสวรรค์ประชารักษ์
►นวนิยาย
บนชั้น
  ขอยืม

รายการใกล้เคียง
    ผู้แต่ง [อัญชรีย์]

BibComment


ยังไม่เคยถูกคอมเมนท์

คอมเมนท์ทรัพยากรรายการนี้
  คอมเมนท์: ปรายใจ อัญชรีย์


 Copyright 2026. Bcnsprnw @Library